00698nam a2200181Ia 4500003000200000005001700002008004100019050003200060100003100092245011000123260009100233300002800324504004100352650002200393650003000415650004000445650003100485020250129095159.0190208s9999 xx 000 0 und d aPGS HF 5415.35b.L797 2016  aLobien, Samantha Tricia G. a5S practice of the students of Southville International School and Colleges /cSamantha Tricia G. Lobien. aLas Piñas City, Philippines :bSouthville International School and Colleges, c2016. a26 p. :bill. ;c28 cm. aIncludes bibliographical references. a5S (Methodology). aTotal quality management. aSchool management and organization. aStudentsvConduct of life.